Представление документа в формате RUSMARC

ПолеНазваниеЗначение
  Тип записи a
  Библиографический уровень c
001 Контрольный номер RU/IS/BASE/294144641
005 Дата корректировки 20210125101712.2
010 Индекс ISBN __
d Цена 1-50
101 Язык документа 0_
a Язык текста rus
200 Заглавие и сведения об ответственности 1_
a Заглавие Взрослая пора
e Сведения, относящиеся к заглавию песни для голоса в сопровождении фортепиано
f Первые сведения об ответственности Френкель Я. А. ; ред.-сост. В. И. Букин ; худож.: С. Бродский, Л. Раппопорт
b Общее обозначение материала Текст
210 Выходные данные 1_
a Место издания М.
c Издательство Совет. Россия
d Дата издания 1982
215 Физическое описание __
a Объем 159 с.
c Иллюстрации/тип воспроизводства нот. ил.
606 Тематические рубрики __
a Основная рубрика Либретто и тексты к музыкальным произведениям
606 Тематические рубрики __
a Основная рубрика Музыка и зрелищные искусства
610 Ключевые слова 0_
a Ключевые слова детская музыка; детские песни; песни
686 Индексы других классификаций __
a Классификационный индекс 85.319; ст85.319
700 Автор _1
a Фамилия Френкель
b Имя Я. А.
4 Код отношения 070
702 Вторичная интеллектуальная ответственность _1
a Фамилия Букин
b Имя В. И.
4 Код отношения Редактор
4 Код отношения 340
4 Код отношения 220
702 Вторичная интеллектуальная ответственность _1
a Фамилия Бродский
b Имя С.
4 Код отношения Художник
4 Код отношения 040
702 Вторичная интеллектуальная ответственность _1
a Фамилия Раппопорт
b Имя Л.
4 Код отношения Художник
4 Код отношения 040
801 Источник записи _0
a Страна RU
b Организация Муниципальное бюджетное учреждение культуры "Централизованная библиотечная система" г. Сургут (Центральная городская библиотека им. А. С. Пушкина)
g Правила каталогизации ЦДБ/Симакова
801 Источник записи _1
a Страна RU
b Организация Муниципальное бюджетное учреждение культуры "Централизованная библиотечная система" г. Сургут (Центральная городская библиотека им. А. С. Пушкина)
g Правила каталогизации ЦДБ/Симакова
852 Данные о местонахождении __
j Шифр хранения 85.319
c Каталожный индекс 85.319
i Авторский знак Ф 87
p Инвентарный номер 13607
901 Тип документа 1_
t Тип документа x
903 Характеристики (МАРС) __
a Дата передачи 20070601
969 Тип издания __
a Тип издания сборник
990 Данные о заказе (DOS) __
j Количество экземпляров (DOS) 1
t N записи в КСУ для И/У (DOS) ретр